[Event "Titled Tuesday intern op 16th Apr Early"]
[Site "Chess.com INT"]
[Date "2024.04.16"]
[Round "11"]
[White "Silvederio, John Michael Britan"]
[Black "Nimay, Agrawal"]
[Result "1-0"]
[WhiteElo "2006"]
[BlackElo "1843"]
[PlyCount "79"]
[EventDate "2024.04.16"]
[EventType "swiss (blitz)"]
[EventRounds "11"]
[EventCountry "USA"]
[SourceTitle "CB17_2024"]
[SourceDate "2024.04.24"]
[SourceVersion "1"]
[SourceVersionDate "2024.04.24"]
[SourceQuality "1"]

1. d4 d5 2. Nc3 Nf6 3. Bf4 a6 4. e3 c5 5. dxc5 Nc6 6. a3 e5 7. Bg5 d4 8. exd4 exd4 9. Ne4 Qe7 10. Bd3 Qe6 11. Bxf6 gxf6 12. Qe2 f5 13. Nd6+ Bxd6 14. cxd6 Kd7 15. 0-0-0 Qxe2 16. Nxe2 Kxd6 17. Bc4 Be6 18. Bxe6 fxe6 19. Nxd4 Nxd4 20. Rxd4+ Ke7 21. Rhd1 b5 22. Rd7+ Kf6 23. f4 h5 24. Rc7 Rhg8 25. Rdd7 Raf8 26. g3 h4 27. gxh4 Rg4 28. h5 Rxf4 29. h6 Rh4 30. h7 Rxh2 31. b4 f4 32. Rg7 Rh8 33. Kb2 f3 34. Rgf7+ Ke5 35. Rxf3 R8xh7 36. Rc6 Ra7 37. Re3+ Kd5 38. Rexe6 a5 39. Rcd6+ Kc4 40. Re4# 1-0

[Event "Pozarevac Rudar FM3 11"]
[Site "Pozarevac"]
[Date "2023.11.19"]
[Round "7.3"]
[White "Nimay, Agrawal"]
[Black "Popchev, Milko"]
[Result "1/2-1/2"]
[WhiteElo "1678"]
[BlackElo "2244"]
[PlyCount "131"]
[EventDate "2023.11.15"]
[EventType "schev"]
[EventRounds "10"]
[EventCountry "SRB"]
[SourceTitle "CB49_2023"]
[SourceDate "2023.12.06"]
[SourceVersion "1"]
[SourceVersionDate "2023.12.06"]
[SourceQuality "1"]
[WhiteTeam "Team A"]
[BlackTeam "Team B"]
[WhiteTeamCountry "SRB"]
[BlackTeamCountry "SRB"]

1. d4 Nf6 2. Bf4 d6 3. e3 Nbd7 4. Nf3 g6 5. h3 Bg7 6. Bh2 0-0 7. Be2 c5 8. c3 b6 9. 0-0 Bb7 10. a4 a6 11. Nbd2 Rc8 12. Qb3 Qc7 13. Rfd1 Qb8 14. Ne1 Qa8 15. Bf3 Ne4 16. Nxe4 Bxe4 17. Bxe4 Qxe4 18. Nf3 Rb8 19. Nd2 Qc6 20. Ra2 Rb7 21. Rda1 Rfb8 22. Qd1 b5 23. axb5 axb5 24. Qf3 Qxf3 25. Nxf3 b4 26. Bg3 h6 27. Ra7 f5 28. h4 Kf7 29. Nd2 g5 30. Nc4 f4 31. exf4 gxh4 32. Bxh4 bxc3 33. bxc3 cxd4 34. Rxb7 Rxb7 35. cxd4 Bxd4 36. Rd1 Bc5 37. Ne3 Bxe3 38. fxe3 Nc5 39. Kf2 e6 40. Kf3 d5 41. g4 Ne4 42. f5 Rb4 43. Ra1 exf5 44. gxf5 Nd2+ 45. Ke2 Rxh4 46. Kxd2 Kf6 47. Ra5 Ke5 48. f6 Rh2+ 49. Ke1 Rh5 50. f7 Rf5 51. Ra6 h5 52. Rh6 Rxf7 53. Rxh5+ Ke4 54. Ke2 Ra7 55. Rh4+ Ke5 56. Rb4 Kd6 57. Rh4 Kc5 58. Kd2 Ra3 59. Rg4 Rb3 60. Rf4 Rb4 61. Rxb4 Kxb4 62. Kd3 Kc5 63. Kc3 Kc6 64. Kd4 Kd6 65. e4 dxe4 66. Kxe4 1/2-1/2

[Event "Pozarevac Rudar FM2 11"]
[Site "Pozarevac"]
[Date "2023.11.09"]
[Round "3.3"]
[White "Popchev, Milko"]
[Black "Nimay, Agrawal"]
[Result "1-0"]
[WhiteElo "2244"]
[BlackElo "1678"]
[PlyCount "99"]
[EventDate "2023.11.07"]
[EventType "schev"]
[EventRounds "10"]
[EventCountry "SRB"]
[SourceTitle "CB46_2023"]
[SourceDate "2023.11.15"]
[SourceVersion "1"]
[SourceVersionDate "2023.11.15"]
[SourceQuality "1"]
[WhiteTeam "Team A"]
[BlackTeam "Team B"]
[WhiteTeamCountry "SRB"]
[BlackTeamCountry "SRB"]

1. e4 c5 2. Nf3 Nc6 3. Be2 e6 4. d3 d5 5. 0-0 Nf6 6. Nbd2 Be7 7. Re1 0-0 8. c3 Qc7 9. Bf1 b6 10. a3 a5 11. a4 Ba6 12. Nb1 Rad8 13. e5 Nd7 14. Bf4 Rde8 15. Bg3 Qd8 16. Na3 f6 17. exf6 Bxf6 18. Nb5 Bxb5 19. axb5 Na7 20. d4 Nc8 21. Bd3 Qe7 22. c4 cxd4 23. cxd5 Qf7 24. Qc2 Qh5 25. dxe6 Nc5 26. Bc4 Kh8 27. Rad1 d3 28. Bxd3 Nxe6 29. Be4 Nc5 30. Bc6 Rxe1+ 31. Rxe1 Qg4 32. h3 Qb4 33. Re2 Na7 34. Bd6 Rc8 35. Qf5 Qc4 36. Rc2 Qe6 37. Qxe6 Nxe6 38. Re2 Nc5 39. Ne5 h6 40. Bxc5 bxc5 41. Ng6+ Kh7 42. Be4 Rb8 43. Ne7+ Kh8 44. Nc6 Nxc6 45. bxc6 Be5 46. Bf5 Bd6 47. Re6 Rd8 48. Rxd6 Rxd6 49. c7 Rc6 50. c8Q+ 1-0

[Event "Hyderabad Singh Ji Memorial"]
[Site "Hyderabad"]
[Date "2023.01.10"]
[Round "2"]
[White "Nimay, Agrawal"]
[Black "Deshmukh, Anup"]
[Result "1/2-1/2"]
[WhiteElo "1412"]
[BlackElo "2145"]
[PlyCount "141"]
[EventDate "2023.01.10"]
[EventType "swiss"]
[EventRounds "9"]
[EventCountry "IND"]
[SourceTitle "CBM 212 Extra"]
[Source "ChessBase"]
[SourceDate "2023.03.31"]
[SourceVersion "1"]
[SourceVersionDate "2023.03.31"]
[SourceQuality "1"]

1. d4 c5 2. Nf3 cxd4 3. Nxd4 e5 4. Nf3 Nf6 5. c3 Nc6 6. Bg5 Bc5 7. e3 h6 8. Bh4 a5 9. Nbd2 g5 10. Bg3 d6 11. Bb5 Be6 12. a4 Qe7 13. Qc2 Rc8 14. Nc4 Kf8 15. Nfd2 Nd7 16. e4 Nb6 17. Qd3 Kg7 18. h3 f6 19. Rd1 Rhd8 20. Nxb6 Bxb6 21. Bc4 Nb8 22. 0-0 Nd7 23. Bxe6 Qxe6 24. Nb1 Nc5 25. Qb5 Rc6 26. Rfe1 Bc7 27. Na3 Ra8 28. Rd5 Rb6 29. Qc4 Qf7 30. Nb5 Rc8 31. Red1 Qg8 32. Qe2 Qe6 33. Qc2 Bb8 34. b4 axb4 35. cxb4 Na6 36. Qd2 Rc4 37. a5 Rbc6 38. Nxd6 Rxd6 39. Rxd6 Bxd6 40. Qxd6 Qxd6 41. Rxd6 Rxb4 42. f3 Rb1+ 43. Kh2 Rb2 44. Kg1 Kf7 45. Bf2 Ke7 46. Rb6 Rxb6 47. Bxb6 Ke6 48. Kf2 h5 49. g3 f5 50. exf5+ Kxf5 51. g4+ hxg4 52. hxg4+ Ke6 53. Bd8 Nc5 54. Bxg5 e4 55. Be3 Nd3+ 56. Ke2 Ne5 57. fxe4 Nxg4 58. Bb6 Ke5 59. Kf3 Nf6 60. Bc7+ Kd4 61. e5 Ne8 62. Bb8 Kd5 63. Kf4 Ng7 64. Kg5 Ke6 65. Kf4 Kd5 66. Ke3 Ne6 67. Bd6 Nd4 68. Kf4 Nc6 69. Bc7 Nd4 70. Bd6 Nc6 71. Bc7 1/2-1/2